DO YOU KNOW THESE FLAGS (10) - Statistics

General Stats
  • This quiz has been taken 23 times
  • The average score is 3 of 18
Answer Stats
Picture Answer % Correct
Kingdom of Kandy
75%
Korea
60%
Kingdom of Thrace
50%
Kievan Rus
35%
Kalmar Union
25%
Kingdom of Jerusalem
20%
Khmer Empire
10%
Kaabu Empire
5%
Khanate of Khiva
5%
Khwarazmian Dynasty
5%
Kingdom of Bosnia
5%
Knights Hospitaller
5%
Kush
5%
Khoisan
0%
Kingdom of Kongo
0%
Kingdom of Lombards
0%
Kingdom of Luanda
0%
Kushan Empire
0%
No matching quizzes found
Score Distribution
Percent of People with Each Score
Percentile by Number Answered
Your Score History
You have not taken this quiz